000 00351nam a22001097a 4500
020 _a0749428287
082 _a658.16
_bMAN
245 _aManagement buy-outs :
_bthe critical success factors for directors
_cEdited Tom Nash
260 _aLondon :
_bThe Institute of Directors and Phildrew Ventures,
_c1998.
300 _a84 p. ;
_c21 cm.
942 _2ddc
_cBK
999 _c591544
_d591544